| 000 | 02881cam a22006014i 4500 | ||
|---|---|---|---|
| 003 | PE-LiUPU | ||
| 005 | 20250731165507.0 | ||
| 008 | 170711s2015 ag a r 001 0 spa d | ||
| 020 | _a9874576340 | ||
| 020 | _a9789874576347 | ||
| 035 | _a(Sirsi) a237904 | ||
| 040 |
_aPE-LiUPU _bspa _cPE-LiUPU _erda |
||
| 049 | _aPRUA | ||
| 082 | 0 | 4 |
_a005.3 _bA34 2015 |
| 100 | 1 |
_aAlaimo, Martin, _eautor. |
|
| 245 | 1 | 0 |
_aProyectos Ágiles con # SCRUM : _bflexibilidad,aprendizaje,innovación y colaboración en contextos complejos / _cMartin Alaimo, Martín Salías. |
| 250 | _aPrimera edición. | ||
| 264 | 1 |
_aArgentina : _bKleer, _c2015. |
|
| 300 |
_a164 páginas : _bilustraciones ; _c21 centímetros |
||
| 336 |
_atext _2rdacontent |
||
| 337 |
_aunmediated _2rdamedia |
||
| 338 |
_avolume _2rdacarrier |
||
| 504 | _aBibliografía : páginas 160. | ||
| 505 | 0 | _aDe la secuencialidad a la interación -- serum -- desarrollo evolutivo -- Historias de usuario -- Estimaciones Ágiles -- Plan de entregas (Release plan). | |
| 526 | _aSEG44 | ||
| 526 | _aSEG26 | ||
| 526 | _aP151 | ||
| 526 | _aP150 | ||
| 526 | _aP149 | ||
| 526 | _aP146 | ||
| 526 | _aP145 | ||
| 526 | _aP126 | ||
| 526 | _aP125 | ||
| 526 | _aP92 | ||
| 526 | _aP75 | ||
| 526 | _aP74 | ||
| 526 | _aP27 | ||
| 526 | _aP15 | ||
| 650 | 0 | 4 | _aInformatica. |
| 650 | 0 | 4 | _aGestión. |
| 700 | 1 |
_aSalías, Martín, _eautor. |
|
| 910 |
_ajck _bjvq _cjpc _d20170711 |
||
| 942 |
_2ddc _cBOOK |
||
| 949 |
_a005.3 A34 2015 _wDEWEY _c1 _i76464 _lCATALOGING _mBUL _p37.00 _r0 _sY _tBOOK _u2017-07-11 _xFIA _PP27 _0COMPRA _o.CIRCNOTE. El documento es de alto precio. _o.STAFF. Colección Ingeniería y Arquitectura |
||
| 949 |
_a005.3 A34 2015 _wDEWEY _c2 _i76465 _lCATALOGING _mBUL _p37.00 _r0 _sY _tBOOK _u2017-07-11 _xFIA _PP27 _0COMPRA _o.CIRCNOTE. El documento es de alto precio. _o.STAFF. Colección Ingeniería y Arquitectura |
||
| 949 |
_a005.3 A34 2015 _wDEWEY _c3 _i76466 _lCATALOGING _mBUL _p37.00 _r0 _sY _tBOOK _u2017-07-11 _xFIA _PP27 _0COMPRA _o.CIRCNOTE. El documento es de alto precio. _o.STAFF. Colección Ingeniería y Arquitectura |
||
| 994 |
_aC0 _bPEPRU |
||
| 596 | _a1 | ||
| 999 |
_a005.3 A34 2015 _wDEWEY _c24607 _i76464 _d24607 _e2018-11-21 _f2021-11-9 _g4 _lCCODEBUL1 _mBUL _n26 _p37.00 _q2 _r0 _sY _tBOOK _u2017-7-11 _xINGENIERIA _PP27 _0COMPRA _o.STAFF. Colección Ingeniería y Arquitectura |
||
| 999 |
_a005.3 A34 2015 _wDEWEY _c2 _i76465 _d2018-6-12 _f2021-11-9 _g4 _lCCODEBUL1 _mBUL _p37.00 _q1 _r0 _sY _tBOOK _u2017-7-11 _xINGENIERIA _PP27 _0COMPRA _o.STAFF. Colección Ingeniería y Arquitectura |
||
| 999 |
_a005.3 A34 2015 _wDEWEY _c3 _i76466 _d2018-12-26 _e2018-10-18 _f2021-11-9 _g4 _lCCODEBUL1 _mBUL _n4 _p37.00 _q3 _r0 _sY _tBOOK _u2017-7-11 _xINGENIERIA _PP27 _0COMPRA _o.STAFF. Colección Ingeniería y Arquitectura |
||
| 980 |
_81 _gALBERTO SANCHEZ Responsable de Automatización |
||